000 00415nam a22001457a 4500
003 OSt
005 20221007205701.0
008 221007b |||||||| |||| 00| 0 eng d
040 _cBiblioteca Lado V
082 _a708
_bL789l
100 _9137
_aLizarazo, Luz Angela
_bLuz Angela Lizarazo
_eautora
245 _aLuz Angela Lizarazo/
300 _a48p.
_c17x18cm
942 _2ddc
_c1
_h708
_iL789l
_n0
999 _c2254
_d2254